| 000 | 00808nam a22002177a 4500 | ||
|---|---|---|---|
| 999 |
_c15714 _d15714 |
||
| 003 | AR-CdUCM | ||
| 008 | 190429b ||||| |||| 00| 0 spa d | ||
| 040 |
_aMUNICIPALIDAD PROVINCIAL DEL CUSCO _cBIBLIOTECA MUNICIPAL DEL CUSCO |
||
| 082 |
_a318.61 / _bA18 / 1990 |
||
| 110 |
_aMunicipalidad del Qosqo _96414 |
||
| 245 | _aInformación estadística por provincias / | ||
| 260 |
_aCusco : _c1990. |
||
| 300 |
_a119 páginas ; _bCuadros informativos, _c29 cm. |
||
| 505 | _aContenido: Provincia del Cusco -- Provincia de Acomayo -- Provincia de Anta -- Provincia de Calca -- Provincia de canas... | ||
| 650 |
_aProvincias del Cusco _934880 |
||
| 650 |
_aEstadistica _95668 |
||
| 650 |
_aCusco _9772 |
||
| 710 |
_aAsociación iniciativa de los Andes _934881 |
||
| 942 |
_2ddc _cPP |
||
| 945 |
_adavv _d29/04/2019 |
||